Contemporary violence (Record no. 159080)
[ view plain ]
| 000 -LEADER | |
|---|---|
| fixed length control field | 01402nam a2200349 a 4500 |
| 100 1# - MAIN ENTRY--AUTHOR NAME | |
| Personal name | Moore, Cerwyn. |
| 245 10 - TITLE STATEMENT | |
| Title | Contemporary violence |
| 260 ## - PUBLICATION, DISTRIBUTION, ETC. (IMPRINT) | |
| Place of publication | Manchester : |
| Name of publisher | Manchester University Press, |
| Year of publication | 2010. |
| 300 ## - PHYSICAL DESCRIPTION | |
| Number of Pages | x, 174 p. |
| 650 #0 - SUBJECT ADDED ENTRY--TOPICAL TERM | |
| Topical Term | Political violence |
| Topical Term | Violence |
| Topical Term | Violence |
| Topical Term | Kosovo War, 1998-1999. |
| 856 40 - ELECTRONIC LOCATION AND ACCESS | |
| Uniform Resource Identifier | http://site.ebrary.com/lib/rucke/Doc?id=10623356 |
No items available.
